000 00879nac a22002657a 4500
001 BR0002957
003 BR-BrBNA
005 20240105122421.0
008 230509b bl.|||m| |||| 00| 0 por d
040 _aBR-BrBNA
_bpor
_cBiblioteca Nacional de Agricultura
072 _aE80
090 _aE80 BR0002957
100 1 _aAndrade, F.G. de
100 1 _aTeixeira, J.P.M.
110 1 _aCentro de Pesquisa Agroflorestal do Acre, Rio Branco (Brasil)
245 1 _aO cognitivo popular na organizacao da producao familiar
260 3 _aRio Branco, AC (Brasil):
_c1998.
300 _a4 p.
490 _aComunicado Tecnico - Centro de Pesquisa Agroflorestal do Acre (Brazil)
_vno. 89
_xISSN 0100-8668
650 _aAgricultura Familiar
650 _aSistema de Producao
650 _aAssociativismo
909 _a202312
_bLúcia Elande
_c55
_dLúcia Elande
942 _2AGRIS
_n0
_cMS
999 _c290919
_d290919